000 00546nam a2200181 i 4500
001 97421
003 ES-MaACL
005 20251011063118.0
007 t|
008 050712s1982 sp ||||1| spa d
100 1 _aMaravall, José Antonio,
_d1911-1986
_976329
245 1 0 _aUtopía y reformismo en la España de los Austrias /
_cpor José Antonio Maravall.
250 _a[1ª ed.].
260 _aMadrid :
_bSiglo Veintiuno,
_c1982.
300 _a398 p. ;
_c21 cm.
852 _aES-MaACL
_jL-2494
_bR.103147
999 _c97421
_d97421